000 00552nam a22001697a 4500
003 OSt
005 20240926005849.0
008 240926b |||||||| |||| 00| 0 eng d
040 _c0
082 _aDPer 050 R22 2000 January-May 2023 v123 no. 719-723
100 _a Hashempour, Parisha.
_eauthor.
_961669
245 _aExtreme medicine /
_cParisha Hashempour.
260 _aTaipei ;
_bReader's Digest Asia,
_c February 2023.
300 _aVolume 123, pages 78-84 ,
_b illustration.
700 _a Hashempour, Parisha.
_eauthor.
_961669
942 _2ddc
_cPER
999 _c21882
_d21882